00861nam a22002417a 450000500170000001000130001702000260003003500130005603700160006904000120008508200130009710000340011024500900014426000450023427000700027930000230034950000190037265000380039165000200042994200220044999900190047195201290049020170124110236.0 aB-122163 a9788188237234c645.00 aB-122163 bCen Lib/Ret aDPLbEN a510bPAR aParthasarathy, Harish9106474 aHandbook of problems engineering mathemetics and physics /cby Harish Parthasarathy aNew DelhibI.k. International Pvt.c2005 aS-25, Green Park Extension Uphar Cinema MarketbNew Delhie110016 aix,816p.b23cm(Hb) aIncludes index aEngineering - Mathmatics9106475 aPhysics9106476 2ddccENh510mPAR c134900d134900 001040718REFaLbLd2015-07-31eCen Lib/Retg645.00l0o510 PARpB-122163r2015-07-31 00:00:00t1v645.00w2015-07-31yEN